Weyer's warships of the world.

Bibliographic Details
Corporate Author: United States Naval Institute
Format: Serial
Language:English
Language Notes:English ed. of Weyers Flottentaschenbuch.
Published: Annapolis : United States Naval Institute.
Subjects:

MARC

Tag First Indicator Second Indicator Subfields
LEADER 00000cas a2200000 4500
001 in00000296521
005 20151010090202.0
008 751001c19689999mduar y 0uuua0eng c
010 |a  67014517  
035 |a (OCoLC)01666550 
035 |9 ABG3994AM 
040 |a DCL  |c FUL  |d TXA  |d UtOrBLW 
049 |a TXAE 
050 0 0 |a V10  |b .W47 
082 0 |a 623.82/5/05 
245 0 0 |a Weyer's warships of the world. 
264 1 |a Annapolis :  |b United States Naval Institute. 
300 |a  volumes :  |b illustrations ;  |c 20 cm. 
336 |a text  |b txt  |2 rdacontent 
337 |a unmediated  |b n  |2 rdamedia 
338 |a volume  |b nc  |2 rdacarrier 
362 0 |a 1968- 
546 |a English ed. of Weyers Flottentaschenbuch. 
500 |a Published [1982/83- ] by Nautical & Aviation Publishing Co. of America; 1968-19 by: United States Naval Institute. 
536 |a Cushing Library 1969 copy from the collection of John R. Hill, '44. 
650 0 |a Navies  |x Periodicals. 
710 2 |a United States Naval Institute. 
999 |a MARS 
999 f f |s 4c88651f-15d6-3eb1-8eb0-4d6e31e144f2  |i 2067a1b2-d025-3046-b401-5cadae2ae8d3  |t 0 
952 f f |p noncirc  |a Texas A&M University  |b College Station  |c Cushing Memorial Library & Archives  |s cush mil  |d Cushing: Ragan Military (Does not check out)  |t 0  |e V10 .W47  |h Library of Congress classification  |i unmediated -- volume 
998 f f |a V10 .W47  |s 1969, 59th (1988/1989)  |t 0  |l Cushing: Ragan Military (Does not check out)